000 00672nam a2200241Ia 4500
003 OSt
005 20221005084817.0
006 a|||||r|||| 00| 0
007 ta
008 221004b |||||||| |||| 00| 0 eng d
024 _a65382
037 _cTextual
040 _aCRL
_cCRL
_beng
041 _2eng
_aeng
082 _aV45:19(F94).N9, N0
100 _aCrystal Jill
_9444262
245 0 _aOil and Politics in the Gulf
_b Rulers and merchants in Kuwait and Qatar
260 _aNew York
_bCambridge
_c1990
300 _a210p.
_ccm.
650 _aHISTORY
942 _hV45:19(F94).N9, N0
_cTEXL
_2cc
999 _c993136
_d993136